[Event "Match"]
[Site "www.echecsemail.com"]
[Date "2015.04.27"]
[Round "1"]
[White "Orkman"]
[Black "Gimmyg"]
[WhiteElo "2130"]
[BlackElo "1990"]
[Result "1/2-1/2"]
[Round "1"]
1.e4 Nb8c6
2.d4 e5
3.dxe5 Nc6xe5
4.f4 Ne5c6
5.Bf1c4 Ng8f6
6.e5 d5
7.Bc4b3 Nf6g4
8.Qd1xd5 Bc8e6
9.Qd5xd8 Ra8xd8
10.Ng1f3 Be6xb3
11.axb3 Bf8c5
12.Ke2 O-O
13.Nb1c3 f6
14.h3 Ng4h6
15.Nc3e4 Bc5b6
16.g4 fxe5
17.f5 Nh6f7
18.c3 Nf7d6
19.Ra1a4 Nc6d4
20.cxd4 Nd6xe4
21.Rh1d1 Rf8e8
22.dxe5 Rd8xd1
23.Kxd1 Ne4f2
24.Kc2 Nf2xh3
25.e6 Nh3g1
26.Nf3xg1 Bb6xg1
27.Ra4e4 h6
28.Bc1e3 Bg1h2
29.Be3f4 Bh2xf4
30.Re4xf4 Kf8
31.Rf4d4 c5
32.Rd4d7 Re8e7
33.Rd7xe7 Kxe7
34.Kd3 g6
35.Ke4 Kd6
36.Kf4 b6
37.Kf3 b5
38.Kf4 a5
39.Ke4 gxf5
40.Kxf5 Ke7
41.Ke5 c4
42.bxc4 bxc4
43.Kd4 { draw }
1/2-1/2

[Event "Match"]
[Site "www.echecsemail.com"]
[Date "2015.04.27"]
[Round "1"]
[White "Pare123"]
[Black "Ppawn"]
[WhiteElo "1960"]
[BlackElo "2080"]
[Result "1-0"]
[Round "1"]
1.c4 f5
2.Nb1c3 Ng8f6
3.d4 e6
4.Bc1g5 Bf8b4
5.Qd1b3 Bb4xc3
6.Qb3xc3 b6
7.Ng1f3 O-O
8.O-O-O d5
9.e3 Bc8b7
10.Nf3e5 Nb8d7
11.f3 c5
12.dxc5 Qd8c7
13.Ne5xd7 Nf6xd7
{ time. }
1-0

[Event "Match"]
[Site "www.echecsemail.com"]
[Date "2015.04.27"]
[Round "1"]
[White "Acucar1"]
[Black "Bbking"]
[WhiteElo "1500"]
[BlackElo "1490"]
[Result "0-1"]
[Round "1"]
1.e4 e5
2.Nb1c3 Ng8f6
3.d3 d5
4.Ng1f3 d4
5.Nc3e2 Nb8c6
6.g3 Bf8b4
7.c3 Bb4a5
8.Bf1g2 Bc8g4
9.Bc1g5 Bg4xf3
10.Bg2xf3 h6
11.Bg5d2 O-O
12.c4 Ba5xd2
13.Qd1xd2 a5
14.a3 a4
15.b4 Nc6e7
16.h3 b6
17.b5 c5
18.g4 g5
19.Ne2g3 Qd8d7
20.Ng3h5 Nf6xh5
21.gxh5 f5
22.exf5 Ra8b8
23.Bf3e4 Ne7xf5
24.h4 Nf5xh4
25.Rh1h2 Qd7g4
26.Qd2e2 Qg4xe2
27.Kxe2 Rf8f4
28.Be4d5 Kf8
29.Kd2 Nh4f3
30.Bd5xf3 Rf4xf3
31.Ra1e1 Rb8e8
32.Re1e4 Re8e7
33.Ke2 Rf3f4
34.Re4xf4 exf4
35.Kd2 f3
36.Kd1 g4
37.Rh2h3 gxh3
{ resign }
0-1

[Event "Match"]
[Site "www.echecsemail.com"]
[Date "2015.04.27"]
[Round "1"]
[White "Billyg"]
[Black "Generalfree"]
[WhiteElo "1630"]
[BlackElo "1820"]
[Result "0-1"]
[Round "1"]
1.e4 e5
2.Ng1f3 Nb8c6
3.a3 a6
4.d4 exd4
5.Nf3xd4 Nc6xd4
6.Qd1xd4 f6
7.Bf1c4 Ng8e7
8.O-O b5
9.Bc4d5 c6
10.Bd5b3 Ne7g6
11.Rf1e1 Bc8b7
12.g3 c5
13.Qd4d3 c4
14.Bb3xc4 Ng6e5
15.Qd3c3 bxc4
16.f4 Bf8c5
17.Bc1e3 Ne5f3
18.Kf2 Nf3xe1
19.Kxe1 Bc5xe3
20.Qc3xc4 Ra8c8
21.Qc4b3 Be3b6
22.Nb1c3 Rc8c6
23.O-O-O Rc6e6
24.f5 Re6c6
25.Nc3a4 g6
26.Rd1e1 Bb6a5
27.Re1d1 Qd8c7
28.Kb1 Rc6c4
29.Na4b6 Ba5xb6
30.e5 fxe5
31.f6 Bb7e4
32.Rd1d2 Bb6e3
33.Rd2e2 Be3b6
34.Re2d2 O-O
35.Rd2e2 Be4d5
36.Qb3d3 Rc4d4
37.Qd3xd4 Bb6xd4
38.c3 Rf8xf6
39.cxd4 Rf6f1
{ resign }
0-1

[Event "Match"]
[Site "www.echecsemail.com"]
[Date "2015.04.27"]
[Round "1"]
[White "Maestro"]
[Black "Vinvangogh"]
[WhiteElo "1880"]
[BlackElo "1520"]
[Result "1-0"]
[Round "1"]
1.Ng1f3 Nb8c6
2.g3 e5
3.e4 d5
4.exd5 Qd8xd5
5.Bf1g2 Bc8g4
6.Nb1c3 O-O-O
7.O-O Bf8d6
8.h3 e4
9.Nf3h2 Bg4xd1
10.Nc3xd5 Ng8f6
11.Nd5xf6 gxf6
12.Rf1xd1 f5
13.d4 Rh8e8
14.c4 Bd6e5
15.d5 Nc6d4
16.Bc1e3 Nd4c2
17.Ra1c1 Nc2b4
18.Be3d4 Be5xd4
19.Rd1xd4 c5
20.Rd4d2 e3
21.fxe3 Re8xe3
22.Nh2f3 Rd8g8
23.Kf2 f4
24.gxf4 Re3e7
25.a3 Nb4a2
26.Rc1a1 f5
27.Ra1xa2 Re7g7
28.Nf3h4 a6
29.b4 Kd7
30.bxc5 Rg7e7
31.Nh4xf5 Re7e4
32.Bg2xe4 Rg8f8
33.Ke3 h5
34.Ra2b2 b5
35.cxb5 { resign }
1-0

[Event "Match"]
[Site "www.echecsemail.com"]
[Date "2015.04.27"]
[Round "1"]
[White "Chapi"]
[Black "Selby52"]
[WhiteElo "2020"]
[BlackElo "1619"]
[Result "0-1"]
[Round "1"]
1.d4 Ng8f6
2.c4 e6
3.Nb1c3 Bf8b4
4.Bc1d2 O-O
5.Ng1f3 b6
6.g3 Bc8b7
7.Bf1g2 d6
8.O-O Nb8d7
9.a3 Bb4xc3
10.Bd2xc3 Qd8e7
11.Nf3d2 Bb7xg2
12.Kxg2 Rf8e8
13.Nd2b1 e5
14.Nb1d2 exd4
15.Bc3xd4 Qe7xe2
16.Qd1c2 Qe2g4
17.Nd2f3 Nd7e5
18.Nf3xe5 dxe5
19.Bd4c3 Qg4xc4
20.Rf1e1 Nf6d5
21.Re1e4 Qc4c6
22.Ra1e1 f5
23.Qc2b3 fxe4
24.Re1xe4 Kh8
25.Bc3xe5 Re8xe5
26.Re4xe5 Nd5f4
{ resign }
0-1

[Event "1/32 Finale"]
[Site "www.chess-mail.com"]
[Date "2015.04.27"]
[Round "1"]
[White "Arto20"]
[Black "Ostapbender"]
[WhiteElo "2380"]
[BlackElo "2640"]
[Result "0-1"]
[Round "1"]
1.e4 e6
2.d4 d5
3.Nb1c3 Bf8b4
4.e5 b6
5.Qd1g4 Bb4f8
6.Ng1f3 h6
7.Bf1b5 c6
8.Bb5d3 Bc8a6
9.Bd3xa6 Nb8xa6
10.O-O Ng8e7
11.Nc3e2 c5
12.c3 Ra8c8
13.Bc1e3 Ne7g6
14.Ra1d1 cxd4
15.Ne2xd4 Qd8d7
16.Rf1e1 h5
17.Qg4h3 Na6c5
18.Nf3g5 Bf8e7
19.Nd4f3 Qd7b7
20.Rd1d4 Qb7a6
 { time }
0-1

[Event "1/128 Finale"]
[Site "www.chess-mail.com"]
[Date "2015.04.27"]
[Round "1"]
[White "Picifarkinca"]
[Black "Bluetealeaf"]
[WhiteElo "1900"]
[BlackElo "1710"]
[Result "0-1"]
[Round "1"]
1.Ng1f3 f6
2.e4 d5
3.e5 Bc8e6
4.d4 Nb8c6
5.c3 Qd8d7
6.Bf1d3 O-O-O
7.Qd1e2 g5
8.Nb1a3 h5
9.Bc1e3 Bf8h6
10.O-O-O Nc6a5
11.Rh1e1 Qd7c6
12.exf6 exf6
13.Be3d2 Rd8e8
14.Bd3b5 Qc6b6
15.Bb5xe8 Ng8e7
16.Qe2xe6 Qb6xe6
17.Re1xe6 Rh8xe8
18.Rd1e1 Na5c6
19.Re6xf6 Re8h8
20.Rf6xh6 Rh8xh6
21.Bd2xg5 Rh6h7
22.h4 Ne7f5
23.Na3c2 b6
24.Re1e8 Kb7
25.Nf3e5 Nf5d6
26.Re8f8 Nd6e4
27.Nc2e3 Ne4xg5
28.hxg5 Rh7g7
29.Ne5xc6 Kxc6
30.f4 a5
31.Rf8f5 Rg7d7
32.Kd2 b5
{ resign }
0-1

[Event "1/128 Finale"]
[Site "www.chess-mail.com"]
[Date "2015.04.27"]
[Round "1"]
[White "Hrob71"]
[Black "Julianlore"]
[WhiteElo "2020"]
[BlackElo "1499"]
[Result "0-1"]
[Round "1"]
1.e4 e5
2.Ng1f3 Nb8c6
3.d4 exd4
4.c3 Ng8f6
5.e5 Nf6d5
6.cxd4 d6
7.Bf1c4 dxe5
8.dxe5 Bf8b4
9.Bc1d2 O-O
10.Bc4xd5 Qd8xd5
11.O-O Rf8d8
12.Nb1c3 Qd5c4
13.Qd1c2 Bc8g4
14.Nf3g5 Rd8d3
15.Ra1c1 Nc6d4
16.Qc2a4 Rd3xd2
17.Nc3e4 Nd4e2
{ resign }
0-1

[Event "1/64 Finale"]
[Site "www.chess-mail.com"]
[Date "2015.04.27"]
[Round "1"]
[White "Generalfree"]
[Black "Guidom"]
[WhiteElo "1750"]
[BlackElo "2080"]
[Result "0-1"]
[Round "1"]
1.d4 d5
2.Nb1c3 c6
3.e4 dxe4
4.Nc3xe4 Bc8f5
5.Qd1f3 Bf5g6
6.c3 Ng8f6
7.Ne4xf6 exf6
8.Bf1d3 Bg6xd3
9.Qf3xd3 Bf8e7
10.g3 O-O
11.Bc1e3 Nb8d7
12.Ng1e2 Nd7b6
13.b3 Rf8e8
14.O-O-O Be7a3
15.Kc2 Nb6d5
16.b4 Ba3xb4
17.c4 Qd8a5
18.Rd1a1 Nd5xe3
19.fxe3 Qa5a4
20.Kb2 Ra8d8
21.a3 Bb4d6
22.Rh1b1 b5
23.cxb5 cxb5
24.Ne2c3 Qa4a5
25.Kc2 a6
26.e4 Bd6xa3
27.Rb1b3 b4
28.Nc3b1 Rd8c8
29.Kd1 Qa5h5
30.Ke1 Rc8c1
31.Kf2 Qh5xh2
32.Kf3 a5
33.Qd3b5 Qh2h1
34.Kf2 Rc1c2
35.Nb1d2 Qh1xe4
36.Ra1d1 Qe4xd4
37.Kf1 Re8d8
38.Rd1e1 Kf8
39.Rb3e3 g6
40.Re3e8 Rd8xe8
41.Qb5xe8 Kg7
42.Re1e7 Qd4d5
43.Re7d7 Rc2c1
44.Kf2 Qd5c5
45.Kf3 Rc1c3
46.Kg2 Qc5f8
47.Qe8e6 Kg8
48.Qe6xf6 Ba3b2
49.Rd7xf7 Qf8xf7
50.Qf6d8 Kg7
51.Qd8d4 Kf8
52.Qd4d8 Qf7e8
53.Qd8d6 Qe8e7
54.Qd6f4 Kg8
55.Nd2e4 Rc3c8
56.Ne4d6 Rc8c2
57.Kh3 Bb2e5
{ resign }
0-1

[Event "Eq:chibcha-Equipo Juan Diaz : "]
[Site "www.chess-mail.com"]
[Date "2015.04.27"]
[Round "1"]
[White "Karlgrocer"]
[Black "Naujzaid"]
[WhiteElo "1920"]
[BlackElo "2120"]
[Result "1-0"]
[Round "1"]
1.Ng1f3 d5
2.e3 e6
3.Bf1e2 Ng8f6
4.O-O Bf8e7
5.b3 O-O
6.Bc1b2 c5
7.c4 Nb8c6
8.d3 b6
9.Nb1d2 Bc8b7
10.cxd5 exd5
11.Nf3e5 Nc6xe5
12.Bb2xe5 Be7d6
13.Be5xd6 Qd8xd6
14.Be2f3 Rf8e8
15.h3 Ra8d8
16.Bf3e2 Qd6e5
17.Nd2f3 Qe5e7
18.d4 cxd4
19.Nf3xd4 Nf6e4
20.Be2f3 Qe7f6
21.Ra1c1 Rd8c8
22.Rc1xc8 Re8xc8
23.Bf3xe4 dxe4
24.Qd1g4 h6
25.Rf1d1  { time }
1-0

[Event "Eq:Clubul Central de Sah-BEAC Hungary : "]
[Site "www.chess-mail.com"]
[Date "2015.04.27"]
[Round "1"]
[White "Hali"]
[Black "Rocadamica"]
[WhiteElo "2190"]
[BlackElo "2780"]
[Result "0-1"]
[Round "1"]
1.e4 e5
2.Nb1c3 Ng8f6
3.f4 d5
4.fxe5 Nf6xe4
5.Qd1f3 Nb8c6
6.Bf1b5 Ne4xc3
7.dxc3 a6
8.Bb5xc6 bxc6
9.Bc1f4 Qd8h4
10.Bf4g3 Qh4a4
11.Ng1e2 Bc8g4
12.Qf3d3 Qa4b5
13.Ne2f4 Qb5xb2
14.O-O Bf8c5
15.Kh1 O-O
16.h3 Bg4e6
17.Qd3d2 Bc5e7
18.Rf1b1 Qb2a3
19.Rb1b3 Qa3a5
20.Bg3f2 Be7g5
21.Bf2e3 d4
22.c4 Qa5xe5
23.Qd2xd4 Qe5xd4
{ resign }
0-1

[Event "Eq:Clubul Central de Sah-BEAC Hungary : "]
[Site "www.chess-mail.com"]
[Date "2015.04.27"]
[Round "1"]
[White "Calulalb"]
[Black "Picifarkinca"]
[WhiteElo "2770"]
[BlackElo "1930"]
[Result "1-0"]
[Round "1"]
1.d4 Ng8f6
2.c4 e5
3.dxe5 Nf6g4
4.Ng1f3 Nb8c6
5.Bc1g5 Bf8e7
6.Bg5f4 Be7b4
7.Nb1d2 Qd8e7
8.e3 Ng4xe5
9.Nf3xe5 Nc6xe5
10.Bf1e2 O-O
11.O-O Bb4xd2
12.Qd1xd2 d6
13.Qd2d5 { resign }
1-0

[Event "Eq:Clubul Central de Sah-BEAC Hungary : "]
[Site "www.chess-mail.com"]
[Date "2015.04.27"]
[Round "1"]
[White "Picifarkinca"]
[Black "Calulalb"]
[WhiteElo "1930"]
[BlackElo "2770"]
[Result "0-1"]
[Round "1"]
1.Ng1f3 Ng8f6
2.b3 d5
3.Bc1b2 e6
4.g3 Bf8e7
5.Bf1g2 c5
6.d3 Nb8c6
7.O-O O-O
8.Nb1d2 Qd8c7
9.Rf1e1 e5
10.e4 d4
11.a3 a6
12.Nd2f1 h6
13.Qd1e2 Bc8e6
{ resign }
0-1

[Event "Tourn. n8133"]
[Site "www.chess-mail.com"]
[Date "2015.04.28"]
[Round "1"]
[White "Cathar"]
[Black "Kermet"]
[WhiteElo "2230"]
[BlackElo "2510"]
[Result "1/2-1/2"]
[Round "1"]
1.d4 Ng8f6
2.Ng1f3 b6
3.e3 Bc8b7
4.Bf1d3 e6
5.O-O c5
6.Nb1d2 Bf8e7
7.b3 O-O
8.Bc1b2 Nb8c6
9.a3 d5
10.Nf3e5 cxd4
11.exd4 Nc6xe5
12.dxe5 Nf6e4
13.Nd2f3 Ra8c8
14.Nf3d4 a6
15.Qd1h5 g6
16.Qh5h3 Qd8c7
17.f4 Rf8e8
18.Kh1 Be7f8
19.Ra1e1 Ne4d2
20.Rf1f2 Nd2e4
21.Rf2e2 b5
22.Nd4f3 Ne4c5
23.b4 Nc5e4
24.Bb2d4 Ne4c3
25.Re2f2 Nc3e4
26.Rf2f1 Qc7e7
27.g4 Re8d8
28.f5 Rc8c6
29.f6 Qe7c7
30.Re1e2 a5
31.Qh3h4 axb4
32.axb4 Rd8a8
33.Nf3g5 h6
34.Ng5h3 Rc6c4
35.c3 Ne4xc3
36.Bd4xc3 Rc4xc3
{ draw }
1/2-1/2

[Event "Tourn. n8133"]
[Site "www.chess-mail.com"]
[Date "2015.04.28"]
[Round "1"]
[White "Kermet"]
[Black "Tomasseeber"]
[WhiteElo "2510"]
[BlackElo "2240"]
[Result "1/2-1/2"]
[Round "1"]
1.c4 Ng8f6
2.Nb1c3 d5
3.cxd5 Nf6xd5
4.Ng1f3 c6
5.d4 Bc8f5
6.Nf3d2 e5
7.e4 Nd5xc3
8.bxc3 Bf5e6
9.dxe5 Qd8a5
10.Ra1b1 b6
11.f4 Qa5xc3
12.f5 Be6d7
13.Bc1b2 Qc3e3
14.Qd1e2 Qe3h6
15.Bb2c1 Bf8c5
16.Nd2f3 Qh6h5
17.h3 Bd7xf5
18.exf5 Qh5xf5
19.Qe2d3 Qf5e6
20.Bc1a3 Nb8d7
21.Ba3xc5 Nd7xc5
22.Qd3c2 O-O
23.Bf1c4 Qe6e7
24.O-O h6
25.Rb1d1 b5
26.Bc4e2 Ra8d8
27.Kh1 Rd8c8
28.Rd1d6 { draw }
1/2-1/2

[Event "Tourn. n8136"]
[Site "www.chess-mail.com"]
[Date "2015.04.28"]
[Round "1"]
[White "Tartan"]
[Black "Obisporey"]
[WhiteElo "2390"]
[BlackElo "2540"]
[Result "0-1"]
[Round "1"]
1.e4 c5
2.Ng1f3 d6
3.Bf1b5 Nb8d7
4.d4 cxd4
5.Qd1xd4 a6
6.Bb5xd7 Bc8xd7
7.O-O e5
8.Qd4d3 h6
9.c4 b5
10.Nb1a3 Qd8b8
11.Bc1d2 Ng8f6
12.Rf1e1 Bf8e7
13.cxb5 axb5
14.Bd2b4 Bd7c6
15.Nf3d2 O-O
16.Nd2b1 Ra8a4
17.Na3c2 Bc6xe4
18.Re1xe4 Nf6xe4
19.Qd3xe4 d5
20.Qe4e1 Rf8c8
21.Bb4xe7 Rc8xc2
22.Nb1c3 Ra4d4
23.Ra1d1 Qb8a7
{ resign }
0-1

[Event "Tourn. n8153"]
[Site "www.chess-mail.com"]
[Date "2015.04.28"]
[Round "1"]
[White "Drdoom"]
[Black "Gilliere"]
[WhiteElo "1720"]
[BlackElo "1840"]
[Result "1/2-1/2"]
[Round "1"]
1.e4 e5
2.Ng1f3 d6
3.h3 Ng8f6
4.d3 Nb8d7
5.c4 Bf8e7
6.Nb1c3 a6
7.b3 O-O
8.Bf1e2 h6
9.O-O c6
10.Bc1b2 b5
11.a3 Bc8b7
12.Rf1e1 Nf6h7
13.d4 Nh7g5
14.d5 bxc4
15.bxc4 Ng5xf3
16.Be2xf3 c5
17.a4 Nd7b6
18.Bf3e2 Be7f6
19.a5 Nb6d7
20.Qd1d2 Bf6g5
21.Qd2c2 Bb7c8
22.Re1b1 Nd7f6
23.Bb2c1 Nf6h7
24.Bc1d2 Bg5xd2
25.Qc2xd2 Nh7g5
26.Be2g4 Bc8xg4
27.hxg4 Qd8c8
28.f3 f6
29.Nc3a4 Qc8d8
30.Qd2e1 Qd8c7
31.Rb1b2 { draw }
1/2-1/2

[Event "Tourn. n8167"]
[Site "www.chess-mail.com"]
[Date "2015.04.28"]
[Round "1"]
[White "Falcoale"]
[Black "4knights"]
[WhiteElo "1860"]
[BlackElo "1830"]
[Result "0-1"]
[Round "1"]
1.e4 e5
2.Ng1f3 Ng8f6
3.Nf3xe5 d6
4.Ne5d3 Nf6xe4
5.Nb1c3 Ne4xc3
6.dxc3 Bf8e7
7.Nd3f4 O-O
8.Bf1d3 Rf8e8
9.O-O Nb8c6
10.Qd1h5 h6
11.Nf4d5 Nc6e5
12.Nd5xe7 Qd8xe7
13.Bc1e3 Bc8g4
14.Qh5xg4 Ne5xg4
{ resign }
0-1

[Event "Tourn. n8014"]
[Site "www.chess-mail.com"]
[Date "2015.04.28"]
[Round "1"]
[White "Faerieking"]
[Black "Numanoid"]
[WhiteElo "2210"]
[BlackElo "2630"]
[Result "0-1"]
[Round "1"]
1.e4 d6
2.d4 Ng8f6
3.Nb1c3 g6
4.f4 Bf8g7
5.Ng1f3 c5
6.dxc5 Qd8a5
7.Bf1d3 Qa5xc5
8.Qd1e2 O-O
9.Bc1e3 Qc5b4
10.O-O Qb4xb2
11.Nc3b5 Nf6e8
12.e5 Qb2b4
13.Nb5xa7 Nb8c6
14.Na7xc8 Ra8xc8
15.Ra1b1 Qb4a5
16.Rb1xb7 dxe5
17.fxe5 Nc6xe5
18.Nf3xe5 Qa5xe5
19.Qe2f3 Ne8d6
20.Be3f4 Qe5e6
21.Bf4xd6 Qe6xd6
22.a4 Bg7e5
23.h3 Qd6d4
24.Kh1 Be5d6
25.Qf3e4 Qd4xe4
26.Bd3xe4 Rc8c4
{ resign }
0-1

[Event "Tourn. n8168"]
[Site "www.chess-mail.com"]
[Date "2015.04.28"]
[Round "1"]
[White "Osopanda"]
[Black "Amaya"]
[WhiteElo "1990"]
[BlackElo "2020"]
[Result "1-0"]
[Round "1"]
1.c4 c5
2.Ng1f3 Ng8f6
3.d4 cxd4
4.Nf3xd4 g6
5.Nb1c3 Bf8g7
6.e4 d6
7.f3 O-O
8.Bc1e3 Nb8c6
9.Bf1e2 Bc8d7
10.O-O Qd8c8
11.Qd1d2 a6
12.Ra1d1 Nf6h5
13.g4 Bg7xd4
14.gxh5 Bd4xe3
15.Qd2xe3 Bd7h3
16.Rf1e1 Nc6e5
17.Nc3d5 Qc8e6
18.f4 Ne5g4
19.Qe3xh3 f5
20.hxg6 hxg6
21.exf5 gxf5
22.Be2xg4 Qe6g6
23.Rd1d3 e6
24.Nd5e7 { resign }
1-0

[Event "Tourn. n8163"]
[Site "www.chess-mail.com"]
[Date "2015.04.28"]
[Round "1"]
[White "Umzi"]
[Black "Hundegana"]
[WhiteElo "2080"]
[BlackElo "2010"]
[Result "1-0"]
[Round "1"]
1.e4 c5
2.Ng1f3 d6
3.d4 Qd8c7
4.Bf1b5 Bc8d7
5.Bb5xd7 Nb8xd7
6.O-O h6
7.Nb1c3 a6
8.Bc1e3 b6
9.Nc3e2 Ng8f6
10.Ne2g3 g6
11.Rf1e1 Bf8g7
12.Ra1c1 Qc7b7
13.d5 b5
14.b3 a5
15.Be3f4 g5
16.Bf4d2 Nf6h7
17.Ng3h5 Bg7b2
18.Rc1b1 Bb2d4
19.c3 Bd4e5
20.Nf3xe5 Nd7xe5
21.Nh5g7 Kd7
22.Bd2c1 Nh7f6
23.Bc1b2 Ra8g8
24.Ng7f5 h5
25.c4 b4
26.f3 g4
27.f4 Ne5g6
28.e5 dxe5
29.fxe5 Nf6e8
30.e6 fxe6
31.dxe6 Kc8
32.Bb2xh8 Ng6xh8
33.Qd1d3 Ne8f6
34.Rb1d1 Nh8g6
35.Qd3e3 Qb7c6
36.g3 a4
37.Qe3e2 a3
38.Qe2f2 Rg8f8
39.Re1e5 Nf6g8
40.Re5xc5 Kb7
41.Rc5xc6 Kxc6
42.Qf2g2 Kb6
43.Qg2d5 Ng8f6
44.Qd5b5 Kc7
45.c5 Rf8b8
46.Qb5a5 Kb7
47.Nf5xe7 Ng6xe7
48.Qa5xb4 Kc8
49.Qb4xa3 Ne7f5
50.Qa3a6 Kc7
51.b4 Nf6e8
52.Rd1d7 
1-0

[Event "Tourn. n8166"]
[Site "www.chess-mail.com"]
[Date "2015.04.28"]
[Round "1"]
[White "Louis"]
[Black "Forest"]
[WhiteElo "1700"]
[BlackElo "1570"]
[Result "0-1"]
[Round "1"]
1.e4 c6
2.d4 d5
3.e5 Bc8f5
4.Bf1d3 Bf5xd3
5.Qd1xd3 Qd8a5
6.Bc1d2 Qa5a6
7.Qd3f3 e6
8.Ng1e2 Nb8d7
9.O-O c5
10.b3 cxd4
11.Ne2xd4 Bf8c5
{ resign }
0-1

[Event "Tourn. n8117"]
[Site "www.chess-mail.com"]
[Date "2015.04.28"]
[Round "1"]
[White "Falcoale"]
[Black "Tenzinnima"]
[WhiteElo "1940"]
[BlackElo "1900"]
[Result "1-0"]
[Round "1"]
1.e4 c6
2.d4 d5
3.e5 Bc8f5
4.f4 e6
5.Nb1c3 Bf8b4
6.Ng1e2 Ng8e7
7.a3 Bb4a5
8.Bc1d2 O-O
9.Ne2g3 Nb8d7
10.Ng3xf5 Ne7xf5
11.Nc3e2  { time }
1-0

[Event "Tourn. n8189"]
[Site "www.chess-mail.com"]
[Date "2015.04.28"]
[Round "1"]
[White "Derfel83"]
[Black "Generalfree"]
[WhiteElo "1800"]
[BlackElo "1940"]
[Result "1-0"]
[Round "1"]
1.d4 c6
2.Nb1c3 e6
3.a3 b5
4.e4 f6
5.Bc1f4 d6
6.Qd1e2 e5
7.dxe5 dxe5
8.Bf4d2 h5
9.O-O-O g5
10.Bd2xg5 Qd8e7
11.Bg5e3 Bc8a6
12.b4 Nb8d7
13.g4 hxg4
14.Qe2xg4 Bf8h6
15.Qg4g6 Kd8
16.Be3xh6 Ng8xh6
17.Bf1h3 Ba6c8
18.Ng1f3 Kc7
19.Rh1g1 Nd7f8
20.Qg6g7 Nh6f7
21.Bh3xc8 Ra8xc8
22.Nc3d5 cxd5
23.exd5 Kd6
24.Qg7g3 Rc8c3
25.Kb2 Rc3c8
26.Nf3d4 a6
27.Nd4f5 Kd7
28.Nf5xe7 Kxe7
29.Qg3g7 Nf8h7
30.d6 Ke6
31.Qg7g4 f5
32.Qg4g6 Nh7f6
33.d7 Rc8g8
34.Qg6xg8 Nf6xg8
35.d8Q Nf7xd8
36.Rd1xd8 Kf7
37.Rg1g2 f4
38.f3 Rh8h3
39.Rg2xg8 Rh3xf3
40.Rg8f8 Ke7
41.Rd8e8 Kd6
42.Re8a8 Ke7
43.Rf8e8 Kf6
44.Ra8xa6 Kf5
45.Ra6e6 { resign }
1-0

[Event "Tourn. n8166"]
[Site "www.chess-mail.com"]
[Date "2015.04.28"]
[Round "1"]
[White "Forest"]
[Black "Passaroa25"]
[WhiteElo "1570"]
[BlackElo "1550"]
[Result "0-1"]
[Round "1"]
1.c4 e5
2.Nb1c3 c6
3.e4 d6
4.Ng1f3 f6
5.d4 Nb8d7
6.Bf1e2 Ng8e7
7.dxe5 Nd7xe5
8.Nf3xe5 fxe5
9.O-O Bc8e6
10.Bc1e3 Be6d7
11.Qd1xd6 Ne7c8
12.Qd6d2 { time. }
0-1

[Event "Tourn. n8126"]
[Site "www.chess-mail.com"]
[Date "2015.04.28"]
[Round "1"]
[White "Churrasca"]
[Black "Thetrolldoll"]
[WhiteElo "1990"]
[BlackElo "1840"]
[Result "1-0"]
[Round "1"]
1.e4 c6
2.d4 d5
3.exd5 cxd5
4.c4 Ng8f6
5.Nb1c3 e6
6.Ng1f3 Bf8b4
7.cxd5 Nf6xd5
8.Bc1d2 Nb8c6
9.Bf1d3 Bb4e7
10.O-O O-O
11.a3 b6
12.Nc3xd5 Qd8xd5
13.Bd2c3 Bc8b7
14.Rf1e1 Rf8d8
15.Bd3e4 Qd5d7
16.Qd1c2 h6
17.d5 exd5
18.Be4f5 Qd7c7
19.Ra1c1 Be7d6
20.b4  { time }
1-0

[Event "Tourn. n8179"]
[Site "www.chess-mail.com"]
[Date "2015.04.28"]
[Round "1"]
[White "Generalfree"]
[Black "Derfel83"]
[WhiteElo "1870"]
[BlackElo "1820"]
[Result "0-1"]
[Round "1"]
1.e4 e6
2.d4 d5
3.e5 c5
4.Bc1e3 cxd4
5.Qd1xd4 a6
6.Ng1f3 Nb8c6
7.Qd4g4 Qd8c7
8.Be3f4 Qc7b6
9.b3 Nc6d4
10.Nf3xd4 Qb6xd4
11.c3 Bf8b4
12.Qg4xg7 Bb4xc3
13.Nb1xc3 Qd4xc3
14.Ke2 Qc3xa1
15.Qg7xh8 Qa1xa2
16.Bf4d2 Kf8
17.Ke3 Bc8d7
18.Qh8xh7 Qa2xb3
19.Bf1d3 Bd7b5
20.Rh1b1 Bb5xd3
21.Qh7xg8 Kxg8
22.Rb1xb3 Bd3b5
23.Kf4 Ra8c8
24.Rb3g3 Kh7
25.Kg5 Rc8g8
26.Kf6 Rg8xg3
27.fxg3 Kg8
28.g4 d4
29.g3 Bb5e2
30.g5 Be2h5
31.h3 d3
32.g4 Bh5g6
33.h4 Kf8
34.h5 Bg6e4
35.g6 fxg6
36.hxg6 b6
37.g7 Kg8
38.Bd2h6 a5
39.Kxe6 a4
40.Kf6 a3
41.e6 a2
42.e7 a1Q
43.Ke6 Qa1a8
44.Kd7 Be4c6
45.Kd6 b5
46.Kc7 Qa8e8
47.Kd6 b4
{ resign }
0-1

[Event "Match"]
[Site "www.echecsemail.com"]
[Date "2015.04.28"]
[Round "1"]
[White "Swampcat"]
[Black "Billyg"]
[WhiteElo "1359"]
[BlackElo "1630"]
[Result "1-0"]
[Round "1"]
1.e4 e5
2.Ng1f3 d6
3.Bf1b5 c6
4.Bb5e2 Bc8g4
5.d4 Bg4xf3
6.Be2xf3 Nb8d7
7.d5 Nd7c5
8.Nb1c3 Qd8a5
9.O-O O-O-O
10.Bc1g5 f6
11.Bg5h4 g5
12.Bh4g3 Ng8e7
13.a3 cxd5
14.Nc3xd5 Ne7xd5
15.Qd1xd5 Kb8
16.b4 Qa5b5
17.bxc5 Bf8e7
18.Ra1b1 Qb5c6
19.Qd5xc6 Rd8c8
20.Qc6xb7 
1-0

[Event "Match"]
[Site "www.echecsemail.com"]
[Date "2015.04.28"]
[Round "1"]
[White "Llord"]
[Black "Swampcat"]
[WhiteElo "1790"]
[BlackElo "1440"]
[Result "0-1"]
[Round "1"]
1.e4 e6
2.d4 d5
3.exd5 exd5
4.Ng1f3 c5
5.dxc5 Bf8xc5
6.Bf1b5 Bc8d7
7.Bb5xd7 Qd8xd7
8.O-O Ng8f6
9.Nf3e5 Qd7f5
10.Ne5d3 Nb8d7
11.Nb1c3 O-O
12.Nd3xc5 Nd7xc5
13.Nc3e2 Nf6e4
14.Ne2g3 Ne4xg3
15.fxg3 Qf5d7
16.b3 Nc5e4
17.Bc1a3 Rf8e8
18.Ba3b4 Re8e6
19.Qd1g4 Ra8e8
20.Bb4a3 Qd7c6
21.Ba3b2 f6
22.Ra1e1 Qc6xc2
23.Bb2xf6 Ne4xf6
24.Rf1xf6 Re6xe1
25.Rf6f1 Re1xf1
26.Kxf1 Re8f8
27.Ke1 Qc2e4
28.Qg4xe4 dxe4
29.Ke2 Rf8e8
30.Ke3 Re8e5
31.g4 g5
32.h3 Kg7
{ resign }
0-1

[Event "Match"]
[Site "www.echecsemail.com"]
[Date "2015.04.28"]
[Round "1"]
[White "Darknight"]
[Black "Pablincho"]
[WhiteElo "1770"]
[BlackElo "1750"]
[Result "1-0"]
[Round "1"]
1.e4 b6
2.Bf1c4 Bc8b7
3.d3 e6
4.h3 h6
5.Bc1e3 c5
6.a3 Ng8f6
7.Nb1d2 a6
8.f3 d5
9.exd5 exd5
10.Bc4a2 Bf8d6
11.Qd1e2 O-O
12.h4 Bd6g3
13.Kd1 Rf8e8
14.f4 Bg3xf4
15.Be3xf4 Re8xe2
16.Ng1xe2 Qd8c8
17.c3 Qc8f5
18.d4 Nf6e4
19.Nd2f1 Ne4f2
20.Ke1 Nf2xh1
21.Ba2b1 Qf5g4
22.g3 Nb8d7
23.b3 Ra8e8
24.Bb1d3 f6
25.Ra1a2 g5
26.Bf4e3 c4
27.bxc4 dxc4
28.Bd3xc4 Kg7
29.a4 Nh1xg3
30.Nf1xg3 Re8xe3
31.Ng3f1 Qg4xh4
32.Kd2 Re3f3
33.Nf1e3 Qh4f2
34.Ne3d1 Qf2h2
35.Nd1e3 f5
36.d5 Nd7e5
37.d6 Rf3xe3
38.Kxe3 Ne5xc4
39.Kd3 Nc4xd6
40.c4 Bb7e4
41.Kc3 Qh2e5
42.Kb3 Be4d3
43.Ne2c3 Bd3xc4
44.Kb2 Bc4xa2
45.a5 Ba2d5
46.Kc2 b5
47.Kb2 Nd6c4
48.Kc2 Nc4xa5
49.Kb2 Qe5h2
50.Ka3  { time }
1-0

[Event "Match"]
[Site "www.echecsemail.com"]
[Date "2015.04.28"]
[Round "1"]
[White "Pare123"]
[Black "Andradamaria"]
[WhiteElo "1970"]
[BlackElo "2119"]
[Result "1/2-1/2"]
[Round "1"]
1.c4 Ng8f6
2.Nb1c3 e5
3.e4 Bf8c5
4.Ng1f3 d6
5.Nc3a4 Nb8d7
6.a3 O-O
7.b4 Bc5d4
8.Nf3xd4 exd4
9.d3 Nd7e5
10.Bc1b2 c5
11.Bf1e2 b6
12.Bb2c1 h6
13.b5 Bc8d7
{ draw }
1/2-1/2

[Event "Match"]
[Site "www.echecsemail.com"]
[Date "2015.04.28"]
[Round "1"]
[White "Andradamaria"]
[Black "Neverless"]
[WhiteElo "2249"]
[BlackElo "2650"]
[Result "0-1"]
[Round "1"]
1.d4 Ng8f6
2.c4 e6
3.Ng1f3 d5
4.g3 dxc4
5.Nf3e5 Nb8c6
6.Ne5xc6 Qd8d5
7.Rh1g1 Qd5xc6
8.Bf1g2 Qc6b6
9.Qd1a4 Bc8d7
10.Qa4xc4 c5
11.dxc5 Bf8xc5
12.e3 Ra8c8
13.Qc4e2 Bc5b4
14.Nb1d2 Bd7a4
15.b3 Ba4b5
16.Qe2f3 O-O
17.Qf3xb7 Qb6c5
18.a3 Qc5xc1
{ resign }
0-1

[Event "Match"]
[Site "www.echecsemail.com"]
[Date "2015.04.28"]
[Round "1"]
[White "Sagara1977"]
[Black "Azulmarino"]
[WhiteElo "1620"]
[BlackElo "1570"]
[Result "1-0"]
[Round "1"]
1.e4 e5
2.Qd1f3 Ng8f6
3.Bf1c4 Bf8c5
4.Nb1c3 a6
5.Nc3d5 O-O
6.d3 Nb8c6
7.Qf3g3 Bc5d4
8.Ng1f3 h6
9.Nd5xc7 Qd8xc7
10.Bc1xh6 Nf6h5
11.Qg3g6 Qc7d8
12.Nf3g5 Bd4xf2
13.Kxf2 Qd8f6
14.Qg6xf6 Nh5xf6
15.Ng5xf7 gxh6
16.Nf7xh6 Kg7
17.Nh6f5 Kg6
18.h3 b5
19.Bc4b3 Nc6b4
20.g4 Kg5
21.Rh1f1 Bc8b7
22.a3 Nb4c6
23.Nf5g7 Nc6e7
24.Bb3e6 dxe6
25.Ng7xe6 Kg6
26.Ne6xf8 Ra8xf8
27.a4 Bb7c6
28.axb5 Bc6xb5
29.c4 Bb5c6
30.Ra1xa6 Nf6xg4
31.Kg2 Ng4e3
32.Kg3 Rf8xf1
33.b4 Kg5
34.h4 Kh5
35.Ra6a7 Ne7g6
36.Ra7h7 { resign }
1-0